Zdobywcy superpucharu Hiszpanii - Statystyki

Ogólne statystyki
  • Ten quiz został rozwiązany 34 razy
  • Średni wynik to 7 z 10
Statystyki odpowiedzi
Tytuły Klub % Poprawnych
15 Barcelona
100%
13 Real Madryt
100%
2 Atletico Madryt
94%
3 Athletic Bilbao
84%
1 Sevilla
78%
1 Valencia
75%
1 Real Sociedad
69%
3 Deportivo La Coruña
53%
1 Mallorca
31%
1 Real Saragossa
16%
Nie znaleziono quizów pasujących do podanych kryteriów
Rozkład punktacji
Procent ludzi z każdym wynikiem
Percentyl według liczby udzielonych odpowiedzi
Twoja historia wyników
Nie rozwiązałeś tego quizu